000 00601nam a22002537a 4500
003 UA-OsUOA
001 28402
007 ta
008 20050322b un ||||| |||| 00| 0 ukr d
100 _aСтанкин М. И.
090 _a159.9: 659.4
_bС11
942 _cBK
040 _aUA-OsUOA
_brus
_cUA-OsUOA
_dUA-OsUOA
245 _aПсихология общения
_bКурс лекций
300 _a304 с.
955 _a0
041 _arus
080 _a159.9: 659.4
020 _a5-89502-072-0
260 _aМ.
_bМПСИ
_c2000
044 _aRU
650 7 _2UDC
999 _c314769
_d314769